000 01009nam a2200205 a 4500
008 100617s2001 ||||||||||||||||| || u
050 _aEURO(02)
110 _aEUROPEAN COMMISSION
245 1 4 _aThe Indian ocean and the European Union
260 _aLuxembourg:
_bOffice for Official Publications of the European Communities
_c2001
300 _a59 pages : illustrations
350 _a0.00
490 _aDevelopment(European Commission) DE 101
650 0 _aINDIAN OCEAN--FOREIGN ECONOMIC RELATIONS--EUROPEAN UNION COUNTRIES
650 0 _aECONOMICS
650 0 _aEUROPEAN UNION COUNTRIES--FOREIGN ECONOMIC RELATIONS--INDIAN OCEAN REGION
650 _aINDIAN OCEAN
995 _aSPECIAL COLLECTIONS
_D0.00
_e03006522
_FCBU-MAIN LIBRARY (Kitwe)
_H1
_I0.00
_jEURO(02)2001/3A
_M1
_UAVAILABLE
_WJun 17, 2010
_yZ03006522
_ZInternational Publications
995 _aSPECIAL COLLECTIONS
_D0.00
_e03006523
_FCBU-MAIN LIBRARY (Kitwe)
_H1
_I0.00
_jEURO(02)2001/3B
_M2
_UAVAILABLE
_WJun 17, 2010
_yZ03006523
_ZInternational Publications
999 _c76471
_d76471